| 000 | 00000nam 2200000zi 4500 |
| 001 | 9.950258 |
| 003 | CaOODSP |
| 005 | 20250822151450 |
| 006 | m o d f |
| 007 | cr bn||||||||| |
| 008 | 250417t20252025onc oz f000 0 fre d |
| 020 | |a9780660769875 |
| 040 | |aCaOODSP|bfre|erda|cCaOODSP |
| 041 | 0 |aeng|afre |
| 043 | |an-cn---|as-bl--- |
| 086 | 1 |aFR4-2025/3-PDF |
| 130 | 0 |aAccord-cadre entre le Gouvernement du Canada et le Gouvernement de la République fédérative du Brésil concernant la coopération en matière de défense |d(1923 juin 27) |
| 245 | 10|aBrazil / Defence - Framework Agreement between the Government of Canada and the Government of the Federative Republic of Brazil Concerning Defence Cooperation = |bBrésil / Défense - Accord-cadre entre le Gouvernement du Canada et le Gouvernement de la République fédérative du Brésil concernant la coopération en matière de défense. |
| 246 | 11|aBrésil / Défense - Accord-cadre entre le Gouvernement du Canada et le Gouvernement de la République fédérative du Brésil concernant la coopération en matière de défense |
| 264 | 1|a[Ottawa] : |bTreaty Law Division of the Department of Foreign Affairs, Trade and Development = Direction du droit des traités du Ministère des affaires étrangères, du commerce et du développement, |c[2025] |
| 264 | 4|a©2025 |
| 300 | |a1 ressource en ligne (11, 11 pages). |
| 336 | |atexte|btxt|2rdacontent/fre |
| 337 | |ainformatique|bc|2rdamedia/fre |
| 338 | |aressource en ligne|bcr|2rdacarrier/fre |
| 490 | 1 |aTreaty series = |aRecueil des traités ; |v2025/3 |
| 500 | |a« Fait à Brasilia le 27 juin 2023. En vigueur le 28 février 2025. » |
| 500 | |aNumérotation répétée sur les pages suppléants. |
| 546 | |aTexte en anglais et en français. |
| 651 | 6|aCanada|xRelations militaires|zBrésil. |
| 651 | 6|aBrésil|xRelations militaires|zCanada. |
| 651 | 6|aCanada|xRelations extérieures|vTraités. |
| 651 | 6|aBrésil|xRelations extérieures|vTraités. |
| 655 | 7|aTraiteĢs|2rvmgf |
| 710 | 1 |aCanada. |bAffaires mondiales Canada. |bDirection du droit des traités, |eorganisme de publication. |
| 710 | 1 |aCanada, |eparticipant à un traité. |
| 710 | 1 |aBrésil, |eparticipant à un traité. |
| 788 | |tBrazil / Defence - Framework Agreement between the Government of Canada and the Government of the Federative Republic of Brazil Concerning Defence Cooperation = |eeng|w(CaOODSP)9.950256 |
| 830 | #0|aCanada treaty series ;|v2025/3.|w(CaOODSP)9.811738 |
| 856 | 40|qPDF|s391 Ko|uhttps://publications.gc.ca/collections/collection_2025/amc-gac/FR4-2025-3.pdf |